000 00522cam a2200157 4500500
005 20260322014331.0
041 _afre
042 _adc
100 1 0 _aFiorillo, Fausto
_eauthor
700 1 0 _aMazaleyrat, Frédéric
_eauthor
245 0 0 _aMagnetic measurements
260 _c2026.
500 _a57
786 0 _nConversion of electrical energy | - | 2026-03-04 | p. 2-2
856 4 1 _uhttps://stm.cairn.info/measurement-and-testing-in-electrical-engineering--bdti42247210-d1504-page-2?lang=en&redirect-ssocas=7080
999 _c1788306
_d1788306